000
00276nam a2200121Ia 4500
008
140130s9999 xx 000 0 und d
245
_c
Sturges, Philemon
_a
I love trains!
260
_b
Scholastic,
_c
2001
440
_v
1
521
_a
Grade 1
942
_c
BK
999
_c
39984
_d
39984